000 00729nam a2200241Ia 4500
003 OSt
005 20220927105431.0
006 a|||||r|||| 00| 0
007 ta
008 220926b |||||||| |||| 00| 0 eng d
024 _a172608
037 _cReference Collections
040 _aRTL
_cRTL
_beng
041 _2eng
_aeng
082 _a"X428-9.231.P0 - N99r, P0/GD"
110 _aMUMBAI PORT TRUST
_9372498
245 0 _a121st Administration report 1999-2000.
260 _aMumbai
_bMumbai port trust.
_c1995
300 _axxxi; 111p.
_ccm.
700 _aMUMBAI PORT TRUST
_9372499
942 _h"X428-9.231.P0 - N99r, P0/GD"
_cCC
999 _c692536
_d692536